Normal view
MARC view
- Khan, Umair
Entry Personal Name
001 - CONTROL NUMBER
- control field: 124620
003 - CONTROL NUMBER IDENTIFIER
- control field: NUST
005 - DATE AND TIME OF LATEST TRANSACTION
- control field: 20240719105921.0
008 - FIXED-LENGTH DATA ELEMENTS
- fixed length control field: 240719|| aca||aabn | a|a d
040 ## - CATALOGING SOURCE
- Original cataloging agency: NUST
- Transcribing agency: NUST
100 ## - HEADING--PERSONAL NAME
- Personal name: Khan, Umair
670 ## - SOURCE DATA FOUND
- Source citation: Work cat.: (NUST): Khan, Umair, A Comparison Study of Android Browsers Forensics for Data Remnants /
